000 00496nam a2200193Ia 4500
003 GCL
008 140319s9999 xx 000 0 eng d
040 _aGCL /
_cGCL
082 0 4 _a530.133
_bB I
100 1 _aBRANSDEN, B. H.
245 1 0 _aINTRODUCTION TO QUANTUM MACHANICS /
_cBRANSDEN, B. H.
700 1 _aJOACHAIN, C. J.
260 _a[S.N] :
_bELBS LONGMAN ،
_c1989
300 _a707\P
650 0 4 _aPHYSICS
650 0 4 _aMECHANICS ENGINEERING
650 0 4 _aQUANTUM
942 _2ddc
_cBK
999 _c19938
_d19938